3 pays = 1 catégorie - Statistiques

Statistiques générales
  • Ce quiz a été pris 62 fois
  • Le résultat moyen est 4 sur 15
Statistiques - réponses
Pays Classement % Correct
Fidji, Finlande et France En F
91%
Vatican, Monaco et Nauru Petit
60%
Russie, Canada et Etats-Unis Grand
49%
Tadjikistan, Kirghizistan et Népal Altitude
33%
Lesotho, Saint-Marin et Vatican Enclavé
33%
Etats-Unis, Chine et Allemagne PIB
32%
Estonie, Lettonie et Lituanie Baltes
30%
France, Espagne et Etats-Unis Tourisme
25%
Japon, Suisse et Singapour Espérance de vie
19%
Monaco, Singapour et Bahreïn Densité
11%
Canada, Norvège et Indonésie Côtes
9%
Suisse, Norvège et Islande IDH
5%
France, Etats-Unis et Russie Fuseaux horaires
4%
Niger, Mali et Ouganda Natalité
4%
Chine, Etats-Unis et Royaume-Uni Dette
2%
Aucun quiz correspondant
Distribution des résultats
% des personnes avec chaque résultat
Percentile par nombre de réponses
Votre historique - résultats
Vous n’avez pas pris ce quiz